Strategic Management Theory: an Integrated Approach (Record no. 97923)
[ view plain ]
| 000 -LEADER | |
|---|---|
| fixed length control field | 00422nam a2200145Ia 4500 |
| 008 - FIXED-LENGTH DATA ELEMENTS--GENERAL INFORMATION | |
| fixed length control field | 211118s9999||||xx |||||||||||||| ||und|| |
| 082 ## - DEWEY DECIMAL CLASSIFICATION NUMBER | |
| Classification number | 658.4012 |
| Item number | HIL-S |
| 100 ## - MAIN ENTRY--PERSONAL NAME | |
| Personal name | Hill, Charles W L |
| 245 #0 - TITLE STATEMENT | |
| Title | Strategic Management Theory: an Integrated Approach |
| 260 ## - PUBLICATION, DISTRIBUTION, ETC. | |
| Name of publisher, distributor, etc. | All India Pub & Dist |
| Place of publication, distribution, etc. | Chennai |
| Date of publication, distribution, etc. | 1998 |
| 300 ## - PHYSICAL DESCRIPTION | |
| Extent | 436 |
| 630 ## - SUBJECT ADDED ENTRY--UNIFORM TITLE | |
| General subdivision | General Stack |
| 650 ## - SUBJECT ADDED ENTRY--TOPICAL TERM | |
| Topical term or geographic name entry element | technology |
| 942 ## - ADDED ENTRY ELEMENTS (KOHA) | |
| Koha item type | BOOK |
| 650 ## - SUBJECT ADDED ENTRY--TOPICAL TERM | |
| Form subdivision | general managementManagement |
| Withdrawn status | Lost status | Damaged status | Not for loan | Home library | Current library | Date acquired | Cost, normal purchase price | Total Checkouts | Full call number | Barcode | Shelving location | Date last seen | Price effective from | Koha item type |
|---|---|---|---|---|---|---|---|---|---|---|---|---|---|---|
| SB LIBRARY | SB LIBRARY | 18/11/2021 | 250.00 | 658.4012 HIL-S | 00103299 | GENERAL STACK | 18/11/2021 | 18/11/2021 | BOOK |